| 000 | 01032nam0a22002531 4500 | ||
|---|---|---|---|
| 001 | rc\4549626 | ||
| 005 | 20130416183712.0 | ||
| 021 |
_aRU _b[62-64689] |
||
| 035 | _a(NLR Aleph) 008640454 | ||
| 090 |
_a8938932 _c8938932 |
||
| 100 | _a20130416d1962 |||y0rusy50 ca | ||
| 101 | 0 |
_arus _aeng |
|
| 102 | _aRU | ||
| 105 | _ay e ||||| | ||
| 200 | 1 |
_aСловарная работа по английскому языку в 5-6 классах _e(Учеб. пособие для студентов-заочников фак. иностр. яз.) _fМ-во высш. и сред. спец. образования УССР. Одес. гос. ун-т им. И.И. Мечникова |
|
| 210 |
_aОдесса _cБ. и. _d1962 |
||
| 215 |
_a52 с. _d21 |
||
| 606 |
_aАнглийский язык _xЛексика _jПособия заочные _2psbo |
||
| 700 | 1 |
_aЛатушкина _bМ. С. _gМайя Семеновна |
|
| 801 | 0 |
_aRU _bNLR _gpsbo |
|
| 801 | 1 |
_aRU _bELAR _2rusmarc |
|
| 852 |
_aNLR _j62-4/14541 |
||
| 942 | _cBOOK | ||
| 980 | _aNB | ||